Rosa US Salernitana 2023-24 - Statistics

Statistiche generali
  • Questo quiz è stato fatto 36 volte
  • Il punteggio medio è 19 su 37
Statistiche sulle risposte
Numero Ruolo Giocatore Nazionalità % Corretto
13 POR Guillermo Ochoa Messico
91%
10 ATT Boulaye Dia Senegal
85%
20 CEN Grīgorīs Kastanos Cipro
79%
44 DIF Kōstas Manōlas Grecia
76%
9 ATT Simy Nigeria
76%
5 DIF Jérôme Boateng Germania
73%
18 CEN Lassana Coulibaly Mali
73%
87 CEN Antonio Candreva Italia
70%
3 DIF Domagoj Bradarić Croazia
70%
98 DIF Lorenzo Pirola Italia
70%
56 POR Benoît Costil Francia
64%
17 DIF Federico Fazio Argentina
64%
(11) (ATT) (Erik Botheim) (Norvegia)
61%
23 DIF Norbert Gyömbér Slovacchia
61%
22 ATT Chukwubuikem Ikwuemesi Nigeria
55%
(8) (CEN) (Emil Bohinen) (Norvegia)
55%
25 CEN Giulio Maggiore Italia
55%
99 CEN Mateusz Łęgowski Polonia
55%
(66) (DIF) (Matteo Lovato) (Italia)
55%
(19) (ATT) (Trivante Stewart) (Giamaica)
55%
7 CEN Agustín Martegani Argentina
52%
14 ATT Shon Weissman Israele
52%
1 POR Vincenzo Fiorillo Italia
48%
(5) (DIF) (Flavius Daniliuc) (Austria)
45%
(21) (ATT) (Jovane Cabral) (Capo Verde)
42%
6 CEN Junior Sambia Francia
42%
(28) (DIF) (Dylan Bronn) (Tunisia)
36%
33 CEN Loum Tchaouna Francia
30%
4 DIF Triantafyllos Pasalidīs Grecia
30%
59 DIF Alessandro Zanoli Italia
27%
24 DIF Marco Pellegrino Argentina
27%
(30) (DIF) (Pasquale Mazzocchi) (Italia)
27%
26 CEN Toma Bašić Croazia
27%
11 CEN Iron Gomis Francia
21%
27 DIF Niccolò Pierozzi Italia
15%
55 CEN Emanuel Vignato Italia
6%
40 DIF Emanuele Elia Italia
0%
Nessun quiz corrispondente trovato
Distribuzione punteggi
Percentuale di utenti per punteggio
Percentile per numero di risposta
I tuoi punteggi nel tempo
Non hai fatto questo quiz